000 01327njm a22002897a 4500
005 20100901115333.0
006 a|||||r|||||00| 0
007 sd ammalaaahaa
008 100901t xxu||||| |||| 00| 0 eng d
028 _aECLP 5922
_bHis Master's Voice
035 _aGR-04505
040 _aSED
_cSED
100 _aMangeshkar, Lata
_917891
245 _aPapi Pet Ka Sawal Hai /
_cby Lata Mangeshkar & Kishore Kumar ; music by Shankar Jaikishan ; lyric by Vishweshvar Sharma
_h[Sound recording]
246 _aपापी पेट का सवाल है / लता मंगेशकर
260 _aDUM DUM, India
_bHis Master's Voice
_c1984
300 _a1 Sound disc [Gramophone Recording] :
_banalog, 33 1/3 rpm
_c12 in. (LP)
_fGramophone Record
500 _aBrief record
500 _aRecord Labels : His Master's Voice,Red
505 _aSide-1 पापी पेट का सवाल है (Papi Pet Ka Sawal Hai) (Lata Mangeshkar & Kishor Kumar)--Side-2 होटल में बोत्तले (Hotal mein bottle) (Sharda)
600 _2Mangeshkar, Lata
650 _aFilm songs
_xExcerpts
_zIndia
_917892
700 _aShankar Jaikishan
_919099
700 _aSharma, Vishweshvar
_920866
942 _2ddc
_cGR
999 _c47134
_d47134